Choothattakkaran/ (Record no. 7588)

000 -LEADER
fixed length control field 00499nam a22001931a 4500
020 ## - INTERNATIONAL STANDARD BOOK NUMBER
ISBN 9788126409303
082 ## - DEWEY DECIMAL CLASSIFICATION NUMBER
Classification number M3 (FTr.)
Item number FYO/C
100 ## - MAIN ENTRY--AUTHOR NAME
Personal name Fyodor Dostoevsky
245 ## - TITLE STATEMENT
Title Choothattakkaran/
Statement of responsibility, etc by Fyodor Dostoevsky
260 ## - PUBLICATION, DISTRIBUTION, ETC. (IMPRINT)
Place of publication Kottayam:
Name of publisher D C Books,
Year of publication 2004.
300 ## - PHYSICAL DESCRIPTION
Number of Pages 156p.
650 ## - SUBJECT ADDED ENTRY--TOPICAL TERM
Topical Term Translation Novel English
650 ## - SUBJECT ADDED ENTRY--TOPICAL TERM
Topical Term Novel Malayalam
650 ## - SUBJECT ADDED ENTRY--TOPICAL TERM
Topical Term Literature Malayalam
650 ## - SUBJECT ADDED ENTRY--TOPICAL TERM
Topical Term Literature
700 ## - ADDED ENTRY--PERSONAL NAME
Personal name Venu V Desom (tr.)
700 ## - ADDED ENTRY--PERSONAL NAME
Personal name Baburaj T V (tr.)
942 ## - ADDED ENTRY ELEMENTS (KOHA)
Koha item type Book
Holdings
Withdrawn status Lost status Damaged status Not for loan Permanent Location Current Location Date acquired Cost, normal purchase price Full call number Accession Number Cost, replacement price Price effective from Koha item type
        Sree Sankaracharya University of Sanskrit Sree Sankaracharya University of Sanskrit 08.01.2015 60.00 M3 (FTr.) DOS/C 052459 0.00 08.01.2015 Book